WWE superstars by alternate names #3 - Statistics

General Stats
  • This quiz has been taken 325 times
  • The average score is 10 of 20
Answer Stats
Hint Answer % Correct
Cactus Jack / Dude Love Mankind
98%
Husky Harris Bray Wyatt
73%
Michael McGillicutty Curtis Axel
71%
Johnny Impact / Johnny Mundo John Morrison / Johnny Nitro
68%
PAC Neville
66%
Mr. America Hulk Hogan
63%
Papa Shango / Kama The Godfather
61%
The Blue Blazer Owen Hart
59%
K-Kwik R-Truth
54%
Festus Luke Gallows
52%
Big Bubba Big Boss Man
44%
Chris Hero Kassius Ohno
36%
One Man Gang Akeem "the African Dream"
34%
Johnny Curtis Fandango
33%
El Gigante Giant González
33%
Repo Man Smash
29%
Rockstar Spud Drake Maverick
28%
Giant Bernard Albert / A-Train / Tensai
23%
Uhaa Nation Apollo Crews
23%
Spanky The Brian Kendrick
20%
No matching quizzes found
Score Distribution
Percent of People with Each Score
Percentile by Number Answered
Your Score History
You have not taken this quiz